| 000 | 00774cab a2200217 4500 | ||
|---|---|---|---|
| 001 | WB3226-06 | ||
| 008 | 090401t1996 xxu||||| |||| 00| 0 eng d | ||
| 035 | _a(Sirsi) u44744 | ||
| 041 | _aeng | ||
| 245 | _aProperty investment | ||
| 260 | _c1996 | ||
| 350 | _a0 | ||
| 490 |
_aFinancial Times _v5 July 1996, 24(1) |
||
| 520 | _aResults of IPD survey into the best methods of choosing property to invest in indicates that a mixture of traditional selection of individual properties and modern method of asset allocation across sectors is best. | ||
| 650 | _aASSET ALLOCATION | ||
| 650 | _aINVESTMENT FUNDS | ||
| 650 | _aPROPERTY INVESTMENT | ||
| 690 | _aPROPERTY-COMMERCIAL PROPERTY-COMMERCIAL PROPERTY FINANCE AND INVESTMENT | ||
| 942 | _n0 | ||
| 948 | _c04/03/1997 | ||
| 999 |
_c28432 _d28432 |
||